000 01020cam a2200301 4500
001 ABS66179
008 021127n2002 000 0 eng u
035 _a(Sirsi) u120598
245 _aLeading lights: lessons learned by the beacon councils
260 _c2002
490 _aRegeneration and Renewal
_vAutumn 2002, LOAN
520 _aAn Improvement and Development Agency publication covering successful regeneration strategies on neighbourhood renewal, urban green spaces, fostering business growth, crime in rural areas, community legal services, fuel poverty and access and mobility.
590 _aABS
650 _aLOCAL AUTHORITIES
650 _aURBAN REGENERATION
650 _aRURAL ISSUES
650 _aOPEN SPACES
650 _aECONOMIC REGENERATION
650 _aBUSINESS DEVELOPMENT
650 _aNEIGHBOURHOOD RENEWAL
650 _aBEXLEY
650 _aROTHERHAM
650 _aBEACON COUNCIL SCHEME
650 _aWIGAN
650 _aLONDON
690 _aREGENERATION
942 _n0
999 _c71654
_d71654